1734 1916 1669 1583 1618 1148 1939 1446 1215 1928 1425 1430 1849 1003 1171 1188 1826 1866 1379 1105 1770 1939 1178 1614 1318 1208 1811 1792 1458 1976 1698 1535 1267 1017 1849 1643 1377 1327 1966 1949 1483 1026 1795 1953 1614 1881 1091 1834 1816 1005 1975 1283 1229 1908 1551 1478 1013 1328 1323 1059 1209 1247 1356 1660 1934 1837 1312 1260 1729 1736 1024 1315 1718 1846 1924 1978 1846 1433 1307 1374 1757 1148 1330 1610 1576 1340 1559 1638 1297 1318 1389 1353 1522 1437 1879 1068 1022 1705 1625 BCNSPRNW ULIB Ver.6.0+V

เปลี่ยนเป็นภาษาไทย

Change to English
 แสดงรายละเอียดบรรณานุกรม
  กลับหน้าหลัก

Brief Record : Get Marc (ISO 2709) : E-mail record : QR code < ปิดหน้าต่าง
LEADER : 00000nam 2200000uu 4500
001    13399110143
003     ULIB
008    110422s2552||||th 000 0 tha d
024    9786117024061
090    นว^bว485ซ 2552
100 0  วารีสีคราม
245    ซัมมอร์รัก...พักหัวใจนายไฮโซ^cวารีสีคราม
260    กรุงเทพฯ:^bHappy book,^c2552
300    176 หน้า
945    ^p79^l0^i029996
995    เกษร
999     ^aใช้งานได้ทุกระบบ
รายการนี้ยังไม่มีแท็ก
คุณยังไม่ได้ล็อกอิน คุณสามารถมีกิจกรรมร่วมกับเว็บไซต์ได้ แต่ต้องล็อกอินก่อน ::
  ล็อกอิน

รายการสื่อสารสนเทศ

ลำดับที่ ประเภท เลขเรียก/บาร์โค้ด สถานที่ สถานะ
1. นวนิยาย
นวนิยาย
นว ว485ซ 2552  
  Barcode: 029996
ห้องสมุดวิทยาเขตสวรรค์ประชารักษ์
►นวนิยาย
บนชั้น
  ขอยืม

BibComment


ยังไม่เคยถูกคอมเมนท์

คอมเมนท์ทรัพยากรรายการนี้
  คอมเมนท์: ซัมมอร์รักพักหัวใ..


 Copyright 2026. Bcnsprnw @Library